000 00350nam a2200145Ia 4500
008 230917s9999||||xx |||||||||||||| ||und||
040 _e209991
_aMAIN
041 _aEnglish
082 _a780.5 R137C
100 _aRaj Kumar
245 0 _aChitrapat sangeet mein filmi gayak kalakaron ka yogdan
260 _c2013
300 _a85 p.
942 _cTH
999 _c125976
_d125976